000 00319nam a2200133Ia 4500
008 240624s9999 xx 000 0 und d
041 _aeng
082 _a823 BON
100 _aBOND RUSKIN
245 _aROOM ON THE ROOF
260 _c1987
_aNew Delhi
_bPenguin Books
300 _a146 : p. : cm. ; 20
365 _cRS
_b30
999 _c12556
_d12556